000 00751nam a22002417a 4500
005 20240530110350.0
008 141220s2010 ua g 000 m ara d
017 _a20594/2009
_bمصر . دار الكتب المصرية
020 _a9772088185
040 _aEG-CaGPL
041 0 _aara
082 0 4 _221
_a814.0080355\
_bم م
100 0 _aماجد سمير
245 1 0 _aمصر المخروسة /
_cتاليف ماجد سمير
250 _aط 1
260 _aالقاهرة :
_bمكتبة مدبولى ،
_c2010
300 _a163 ص ؛
_c20 سم
490 _aمن الادب الساخر
650 0 4 _aالادب العربى
650 0 4 _aالادب الساخر
942 _2ddc
_cBK
999 _c60048
_d60048